STRATEGIC MARKET MANAGEMENT MANAGING MAR (Record no. 30751)

MARC details
000 -LEADER
fixed length control field 00350nam a2200133Ia 4500
008 - FIXED-LENGTH DATA ELEMENTS--GENERAL INFORMATION
fixed length control field 240624s9999 xx 000 0 und d
041 ## - LANGUAGE CODE
Language code of text/sound track or separate title eng
082 ## - DEWEY DECIMAL CLASSIFICATION NUMBER
Classification number 658.8 BIS
100 ## - MAIN ENTRY--PERSONAL NAME
Personal name BISWAS ATINDRA KUMAR
245 ## - TITLE STATEMENT
Title STRATEGIC MARKET MANAGEMENT MANAGING MAR
260 ## - PUBLICATION, DISTRIBUTION, ETC.
Date of publication, distribution, etc. 2017
Place of publication, distribution, etc. Chennai
Name of publisher, distributor, etc. Notion Press
300 ## - PHYSICAL DESCRIPTION
Extent xxiii, 326 p.; 23 cm.
365 ## - TRADE PRICE
Currency code RS
Holdings
Withdrawn status Lost status Damaged status Not for loan Home library Current library Shelving location Date acquired Cost, normal purchase price Full call number Barcode Date last seen Price effective from Koha item type
        IMTN IMTN Rack 33-B 05/10/2018 600.00 658.8 BIS 30751 06/24/2024 06/24/2024 Books
Designed & Maintained by: LRC IMT Nagpur Contact: lrc@imtnag.ac.in© 2024. All Rights Reserved.